| 000 | 00436nam a22001817a 4500 | ||
|---|---|---|---|
| 999 |
_c157542 _d157542 |
||
| 003 | dpl | ||
| 005 | 20180918114800.0 | ||
| 008 | 180918b ||||| |||| 00| 0 eng d | ||
| 010 | _aB-228239 | ||
| 020 |
_a9788189013387 _c0.00 |
||
| 035 | _aB-228239 | ||
| 040 |
_aDPL _bENG _c0 |
||
| 082 |
_aN _bDHA |
||
| 100 | _aDhar,Payal | ||
| 245 |
_aShadow in enternity / _cby Payal dhar |
||
| 300 |
_a290p.: _c20cm |
||
| 942 |
_2ddc _cEN _iN _mDHA |
||